The Last QB to win a Superbowl for every team - Statistics

General Stats
  • This quiz has been taken 115 times
  • The average score is 26 of 32
Answer Stats
Team QB % Correct
NEP Tom Brady
100%
TBB Tom Brady
100%
NYG Eli Manning
99%
KAN Patrick Mahomes
99%
DEN Peyton Manning
99%
IND Peyton Manning
99%
GBP Aaron Rodgers
95%
SEA Russell Wilson
95%
BAL Joe Flacco
94%
PIT Ben Roethlisberger
91%
NOS Drew Brees
91%
LAR Matthew Stafford
91%
ARI N/A
85%
ATL N/A
85%
BUF N/A
85%
CAR N/A
85%
CIN N/A
85%
CLE N/A
85%
DET N/A
85%
HOU N/A
85%
JAX N/A
85%
LAC N/A
85%
MIN N/A
85%
TEN N/A
85%
PHI Nick Foles
83%
SFF Steve Young
78%
DAL Troy Aikman
78%
NYJ Joe Namath
65%
CHI Jim McMahon
51%
MIA Bob Griese
46%
LVR Jim Plunkett
37%
WAS Mark Rypien
33%
No matching quizzes found
Score Distribution
Percent of People with Each Score
Percentile by Number Answered
Your Score History
You have not taken this quiz